All Apologies - Nirvana (All Lyrics) - Statistics

General Stats
  • This quiz has been taken 141 times
  • The average score is 90 of 116
Answer Stats
Answer % Correct
all
100%
All
100%
apologies
100%
I
100%
is
94%
What
94%
what
94%
else
93%
the
93%
say?
90%
should
90%
be?
88%
could
86%
gay
86%
In
86%
in
86%
Everyone
84%
sun
82%
have
80%
don't
78%
on
77%
you
76%
as
73%
married
72%
Married
72%
we
72%
right
70%
write?
70%
are
69%
one
69%
feel
66%
like
66%
was
66%
wish
66%
yeah
66%
easily
65%
buried
63%
my
63%
amused
61%
of
60%
everything
59%
fault
55%
take
53%
I'll
52%
blame
51%
shame
51%
ashes
48%
burn
45%
choking
41%
aqua
40%
enemy
40%
salt
39%
sea
39%
foam
37%
her
37%
sunburn
33%
freezer
31%
find
30%
nest
28%
No matching quizzes found
Score Distribution
Percent of People with Each Score
Percentile by Number Answered
Your Score History
You have not taken this quiz